[Event "Nuremberg Zabo op 23rd"]
[Site "Nuremberg"]
[Date "2023.09.17"]
[Round "4"]
[White "Deysenroth, Patrick"]
[Black "Kovermann, Peter"]
[Result "1/2-1/2"]
[WhiteElo "1739"]
[BlackElo "2013"]
[PlyCount "198"]
[EventDate "2023.09.15"]
[EventType "swiss"]
[EventRounds "5"]
[EventCountry "GER"]
[SourceTitle "EXT 2024"]
[Source "ChessBase"]
[SourceDate "2023.10.10"]
[SourceVersion "1"]
[SourceVersionDate "2023.10.10"]
[SourceQuality "1"]

1. e4 d5 2. exd5 Nf6 3. Bb5+ Nbd7 4. Nc3 a6 5. Be2 b5 6. Nf3 Bb7 7. 0-0 g6 8. d4 Bg7 9. Ne5 Nxd5 10. Nxd5 Bxd5 11. Nxd7 Qxd7 12. c3 Qc6 13. Bf3 Bxf3 14. Qxf3 Qxf3 15. gxf3 0-0-0 16. Re1 e6 17. f4 Rd5 18. b4 Kb7 19. a4 Rhd8 20. Kg2 Rh5 21. Re3 Kc6 22. axb5+ axb5 23. Ra7 Rf5 24. Rh3 h5 25. Rg3 Bf6 26. Kf1 Kb6 27. Ra2 Kc6 28. Ra7 Rc8 29. Ra5 Rd5 30. Ke2 Rdd8 31. Ke3 Ra8 32. Rxa8 Rxa8 33. Kd3 Ra1 34. Be3 Rh1 35. Rg2 Kd5 36. f3 Rd1+ 37. Ke2 Ra1 38. Kd3 Be7 39. Rc2 Ra3 40. Bc1 Rb3 41. Rb2 Ra3 42. Re2 Ra1 43. Be3 Bd6 44. Rg2 Rf1 45. Ke2 Rh1 46. Kd3 Be7 47. Bg1 Bf6 48. Be3 Ra1 49. Rc2 Bh4 50. Rc1 Ra2 51. Rc2 Rxc2 52. Kxc2 Kc4 53. h3 Be1 54. Bd2 Bxd2 55. Kxd2 f6 56. Kc2 e5 57. fxe5 fxe5 58. dxe5 Kd5 59. f4 h4 60. Kd3 g5 61. Ke3 gxf4+ 62. Kxf4 Ke6 63. Ke4 c6 64. Kd4 Kf5 65. Kc5 Kxe5 66. Kxc6 Kf4 67. Kxb5 Kg3 68. c4 Kxh3 69. c5 Kg3 70. c6 h3 71. c7 h2 72. c8Q h1Q 73. Kb6 Qh6+ 74. Kb7 Qd2 75. Qc5 Kg4 76. b5 Qa5 77. Qc6 Kh3 78. b6 Kh2 79. Kc8 Qf5+ 80. Qd7 Qf8+ 81. Qd8 Qf5+ 82. Kb8 Qa5 83. Qd6+ Kg1 84. b7 Qb5 85. Qa3 Qe8+ 86. Ka7 Qd7 87. Qc5+ Kh1 88. Kb6 Qd8+ 89. Qc7 Qd4+ 90. Ka6 Qa4+ 91. Qa5 Qc6+ 92. Ka7 Qd7 93. Qc5 Qa4+ 94. Kb6 Qb3+ 95. Kc6 Qe6+ 96. Qd6 Qc4+ 97. Kb6 Qb3+ 98. Kc7 Qf7+ 99. Qd7 Qf4+ 1/2-1/2

[Event "Nuremberg Zabo op 23rd"]
[Site "Nuremberg"]
[Date "2023.09.17"]
[Round "5"]
[White "Wolf, Moritz"]
[Black "Deysenroth, Patrick"]
[Result "0-1"]
[WhiteElo "1469"]
[BlackElo "1739"]
[PlyCount "110"]
[EventDate "2023.09.15"]
[EventType "swiss"]
[EventRounds "5"]
[EventCountry "GER"]
[SourceTitle "EXT 2024"]
[Source "ChessBase"]
[SourceDate "2023.10.10"]
[SourceVersion "1"]
[SourceVersionDate "2023.10.10"]
[SourceQuality "1"]

1. e4 c6 2. d4 d5 3. e5 c5 4. dxc5 Nc6 5. f4 e6 6. Be3 d4 7. Bf2 Bxc5 8. Nd2 Nge7 9. a3 Nf5 10. Bd3 Ne3 11. Qf3 Qa5 12. Ke2 Qb6 13. b4 Be7 14. Bxe3 dxe3 15. Nc4 Nd4+ 16. Kf1 Nxf3 17. Nxb6 axb6 18. Nxf3 Bxb4 19. Ke2 Bc5 20. Rhb1 Bd7 21. Ng5 Bc6 22. Ne4 Bxe4 23. Bxe4 Ke7 24. Bxb7 Ra4 25. g3 Rd8 26. Rd1 Rxd1 27. Rxd1 Rxa3 28. Bc6 Ra7 29. Be4 g6 30. g4 f6 31. g5 fxe5 32. fxe5 Ra2 33. Bd3 b5 34. Rb1 b4 35. Rb3 Kd7 36. Be4 Kc7 37. Rb1 Kb6 38. Rb3 Ra3 39. Bd3 Ka5 40. Bc4 Ra2 41. Bd3 Bd4 42. Be4 Kb5 43. Rb1 Ra3 44. Bd3+ Kc5 45. h4 Ra7 46. Rf1 Kd5 47. Rf4 Kxe5 48. Re4+ Kd5 49. Kf3 e5 50. Kg4 Ra1 51. Kf3 Rh1 52. Kg3 Rd1 53. Kf3 Kc5 54. Ke2 Rd2+ 55. Kf3 b3 0-1

[Event "Landesliga Nord 1920"]
[Site "Bayern"]
[Date "2019.12.08"]
[Round "4.7"]
[White "Herrmann, Jens"]
[Black "Deysenroth, Patrick"]
[Result "1-0"]
[WhiteElo "2058"]
[BlackElo "1758"]
[PlyCount "81"]
[EventDate "2019.09.29"]
[EventType "team-tourn"]
[EventRounds "9"]
[EventCountry "GER"]
[SourceTitle "EXT 2021"]
[Source "ChessBase"]
[SourceDate "2020.10.23"]
[SourceVersion "1"]
[SourceVersionDate "2020.10.23"]
[SourceQuality "1"]
[WhiteTeam "Bamberg SC"]
[BlackTeam "Nuernberg NT II"]
[WhiteTeamCountry "GER"]
[BlackTeamCountry "GER"]

1. Nc3 c5 2. d4 cxd4 3. Qxd4 Nc6 4. Qh4 d5 5. e4 d4 6. Nd5 Nf6 7. Nxf6+ exf6 8. a3 Qa5+ 9. Bd2 Bb4 10. Nf3 Be6 11. Bd3 0-0 12. Bxb4 Nxb4 13. 0-0 Nxd3 14. cxd3 Qb6 15. Rfb1 Bb3 16. Rc1 Rac8 17. Qf4 Be6 18. Qd2 Bg4 19. Qb4 Qxb4 20. axb4 Bxf3 21. gxf3 a6 22. Kf1 Rfe8 23. Ke2 Kf8 24. Rc4 b5 25. Rxd4 Rc2+ 26. Ke3 Re6 27. Rd5 Ke7 28. d4 g6 29. Rb1 f5 30. Rc5 f4+ 31. Kxf4 Rxf2 32. Kg3 Rd2 33. d5 Rd6 34. Rbc1 Rxb2 35. Rc7+ Ke8 36. Ra7 Rd7 37. Rxa6 Rxb4 38. Rb6 f5 39. Rb8+ Kf7 40. e5 Rd4 41. e6+ 1-0

[Event "Nuremberg op"]
[Site "Nuremberg"]
[Date "2019.11.16"]
[Round "3"]
[White "Braun, Kristin"]
[Black "Deysenroth, Patrick"]
[Result "1/2-1/2"]
[WhiteElo "1952"]
[BlackElo "1790"]
[PlyCount "43"]
[EventDate "2019.11.15"]
[EventType "swiss"]
[EventRounds "5"]
[EventCountry "GER"]
[SourceTitle "CBM 193 Extra"]
[Source "ChessBase"]
[SourceDate "2020.01.31"]
[SourceVersion "1"]
[SourceVersionDate "2020.01.31"]
[SourceQuality "1"]

1. e4 e6 2. d4 d5 3. exd5 exd5 4. Nf3 Nf6 5. c4 Bb4+ 6. Nc3 0-0 7. Be2 Ne4 8. Qb3 Bxc3+ 9. bxc3 dxc4 10. Bxc4 Nc6 11. Qc2 Bg4 12. Qd3 Bxf3 13. Qxf3 Nxd4 14. Qd3 Nc6 15. Bb2 Re8 16. 0-0 Qxd3 17. Bxd3 Rad8 18. Rad1 Nc5 19. Bb5 h6 20. Bxc6 bxc6 21. Ba3 Nd7 22. f3 1/2-1/2

[Event "Nuremberg op"]
[Site "Nuremberg"]
[Date "2019.11.15"]
[Round "1"]
[White "Walisch, Wilfried"]
[Black "Deysenroth, Patrick"]
[Result "0-1"]
[WhiteElo "1197"]
[BlackElo "1790"]
[PlyCount "46"]
[EventDate "2019.11.15"]
[EventType "swiss"]
[EventRounds "5"]
[EventCountry "GER"]
[SourceTitle "CBM 193 Extra"]
[Source "ChessBase"]
[SourceDate "2020.01.31"]
[SourceVersion "1"]
[SourceVersionDate "2020.01.31"]
[SourceQuality "1"]

1. c4 f5 2. g3 Nf6 3. Bg2 d6 4. Nc3 e5 5. e3 Be7 6. Nge2 0-0 7. 0-0 a5 8. d3 c6 9. f4 Be6 10. Bd2 Nbd7 11. a3 Nc5 12. Qc2 Qb6 13. b4 axb4 14. axb4 Na6 15. Na2 Ng4 16. Rf3 d5 17. c5 Qc7 18. h3 e4 19. dxe4 fxe4 20. Rff1 Nh6 21. Nd4 Qd7 22. Kh2 Nf5 23. Bc3 Nxe3 0-1

[Event "Nuremberg Zabo op 20th"]
[Site "Nuremberg"]
[Date "2018.09.16"]
[Round "4"]
[White "Laustsen, Karl Johann"]
[Black "Deysenroth, Patrick"]
[Result "1/2-1/2"]
[WhiteElo "1696"]
[BlackElo "1607"]
[PlyCount "59"]
[EventDate "2018.09.15"]
[EventType "swiss"]
[EventRounds "5"]
[EventCountry "GER"]
[SourceTitle "EXT 2020"]
[Source "ChessBase"]
[SourceDate "2019.10.17"]
[SourceVersion "1"]
[SourceVersionDate "2019.10.17"]
[SourceQuality "1"]

1. d4 Nf6 2. Bf4 d5 3. e3 c5 4. c3 Nc6 5. Nd2 Bf5 6. Ngf3 e6 7. Be2 h6 8. 0-0 Nh5 9. Bg3 Nxg3 10. hxg3 Bd6 11. dxc5 Bxc5 12. Nb3 Bb6 13. Nbd4 Bh7 14. Bd3 Nxd4 15. cxd4 0-0 16. Bxh7+ Kxh7 17. Rc1 Kg8 18. Qa4 a6 19. Rc2 Bc7 20. Rfc1 Bd6 21. Qb3 Qd7 22. Rc3 Rac8 23. Qc2 Rxc3 24. Qxc3 Re8 25. Ne5 Qd8 26. Nf3 Re7 27. Qc8 Qxc8 28. Rxc8+ Kh7 29. Rc2 Rc7 30. Rxc7 1/2-1/2

[Event "Nuremberg Zabo op 20th"]
[Site "Nuremberg"]
[Date "2018.09.15"]
[Round "1"]
[White "Deysenroth, Patrick"]
[Black "Mehlhorn, Uwe"]
[Result "0-1"]
[WhiteElo "1607"]
[BlackElo "2114"]
[PlyCount "36"]
[EventDate "2018.09.15"]
[EventType "swiss"]
[EventRounds "5"]
[EventCountry "GER"]
[SourceTitle "EXT 2020"]
[Source "ChessBase"]
[SourceDate "2019.10.17"]
[SourceVersion "1"]
[SourceVersionDate "2019.10.17"]
[SourceQuality "1"]

1. d4 d6 2. Nf3 g6 3. e4 Nf6 4. Nc3 Bg7 5. Be3 0-0 6. h3 e5 7. Qd2 exd4 8. Nxd4 Re8 9. Bd3 d5 10. e5 Rxe5 11. 0-0-0 c6 12. f4 Re8 13. g4 c5 14. Nb3 d4 15. Bb5 Nbd7 16. g5 dxc3 17. Qd3 cxb2+ 18. Kb1 Ne4 0-1

[Event "Nuremberg Zabo op 19th"]
[Site "Nuremberg"]
[Date "2017.09.17"]
[Round "4"]
[White "Deysenroth, Patrick"]
[Black "Dettmer, Niels"]
[Result "1-0"]
[WhiteElo "1258"]
[BlackElo "1792"]
[PlyCount "115"]
[EventDate "2017.09.15"]
[EventType "swiss"]
[EventRounds "5"]
[EventCountry "GER"]
[SourceTitle "EXT 2022"]
[Source "ChessBase"]
[SourceDate "2021.10.06"]
[SourceVersion "1"]
[SourceVersionDate "2021.10.06"]
[SourceQuality "1"]

1. d4 e6 2. Nf3 Be7 3. c4 f5 4. g3 d6 5. Bg2 Nf6 6. 0-0 Nbd7 7. Qc2 Ne4 8. Nfd2 Nxd2 9. Nxd2 0-0 10. b3 c6 11. d5 cxd5 12. cxd5 e5 13. Nc4 b5 14. Na3 a6 15. Be3 Bb7 16. Rac1 Rc8 17. Qd2 Nf6 18. Nc2 a5 19. Rfd1 Qd7 20. Bb6 e4 21. Bxa5 Nxd5 22. e3 g5 23. Nd4 Rxc1 24. Rxc1 Kf7 25. Bf1 f4 26. Bxb5 Qg4 27. Bc4 f3 28. Nxf3 exf3 29. Bxd5+ Bxd5 30. Qxd5+ Kg6 31. Qd3+ Rf5 32. Bb6 Qh3 33. Qf1 Qh6 34. Bd4 g4 35. Qc4 Qg5 36. Qg8+ Kh6 37. Qxg5+ Kxg5 38. Rc7 Ra5 39. Rxe7 Rxa2 40. h4+ gxh3 41. Rxh7 Rc2 42. Rxh3 Rc1+ 43. Kh2 Rf1 44. e4 Rd1 45. Be3+ Kf6 46. Rh4 Rb1 47. Kh3 Ke5 48. b4 Rxb4 49. Bf4+ Kd4 50. Bxd6 Rb2 51. e5+ Kd3 52. Bc5 Re2 53. Be3 Ra2 54. Rf4 Ke2 55. Kg4 Ra8 56. Rxf3 Rg8+ 57. Bg5 Ra8 58. e6 1-0